|
|
|
|
| LEADER |
00000cam a2200000 7i4500 |
| 001 |
0000002602 |
| 005 |
20030827.0 |
| 020 |
0 |
0 |
|a 9747946335
|
| 090 |
0 |
0 |
|a FAO634.92095951
|a ASS 2003
|
| 245 |
0 |
0 |
|a ASSESSING the status of logged-over production forests :
|b the development of a rapid appraisal technique
|c by Samsudin Musa ... (et al.)
|
| 260 |
0 |
0 |
|a Bangkok :
|b Food and Agriculture Organization of the United Nations ,
|c 2003
|
| 300 |
|
|
|a 33 p. :
|b col. ill. ;
|c 30 cm.
|
| 500 |
0 |
0 |
|a Bibliography : p. 31
|
| 500 |
0 |
0 |
|a EC-FAO Partnership Programme (2000-2002)
|
| 650 |
0 |
0 |
|a Forest management
|z Peninsular Malaysia
|
| 700 |
0 |
1 |
|a Samsudin Musa
|
| 710 |
1 |
1 |
|a Food and Agriculture Organization of the United Nations (FAO)
|
| 745 |
0 |
0 |
|a Information and analysis for sustainable forest management : linking national and international efforts in South and Southeast Asia
|
| 998 |
|
|
|a JPSM
|
| 999 |
|
|
|a 0000004314
|b Monograph
|c Food and Agriculture Organization
|e Default branch
|
| 999 |
|
|
|a 0000004315
|b Monograph
|c Food and Agriculture Organization
|e Default branch
|
| 999 |
|
|
|a 0000004316
|b Monograph
|c Food and Agriculture Organization
|e Default branch
|
| 999 |
|
|
|a 0000004317
|b Monograph
|c Food and Agriculture Organization
|e Default branch
|